[Event "Porto Mannu op 11th"]
[Site "Porto Mannu"]
[Date "2019.06.01"]
[Round "1"]
[White "Movsziszian, Karen"]
[Black "Pagano, Nunzio"]
[Result "1-0"]
[WhiteElo "2486"]
[BlackElo "1993"]
[PlyCount "73"]
[EventDate "2019.06.01"]
[EventType "swiss"]
[EventRounds "9"]
[EventCountry "ITA"]
[SourceTitle "CBM 190 Extra"]
[Source "ChessBase"]
[SourceDate "2019.07.15"]
[SourceVersion "1"]
[SourceVersionDate "2019.07.15"]
[SourceQuality "1"]

1. g3 f5 2. Bg2 e5 3. d3 Nf6 4. Nf3 d6 5. 0-0 c5 6. c4 Be7 7. Nc3 0-0 8. a3 Nc6 9. Rb1 a5 10. Ne1 Rb8 11. Nc2 Qe8 12. e3 g5 13. f4 gxf4 14. exf4 Bd7 15. fxe5 dxe5 16. Bh6 Qg6 17. Bxf8 Bxf8 18. Qf3 Bh6 19. Rbe1 Rf8 20. Nd5 Kh8 21. Nxf6 Qxf6 22. Qd5 Be6 23. Qxc5 Nd4 24. Nxd4 exd4 25. Bxb7 Be3+ 26. Rxe3 dxe3 27. Qxe3 Bd7 28. Bd5 Re8 29. Qd2 Rb8 30. Qc3 Qxc3 31. bxc3 Rb3 32. Rc1 Kg7 33. c5 Rb2 34. c6 Bc8 35. Re1 Kf8 36. Be6 Bxe6 37. Rxe6 1-0

[Event "Porto Mannu op 10th"]
[Site "Porto Mannu"]
[Date "2018.06.02"]
[Round "3"]
[White "Pagano, Nunzio"]
[Black "Visser, Henk Jan"]
[Result "0-1"]
[WhiteElo "1996"]
[BlackElo "2255"]
[PlyCount "98"]
[EventDate "2018.06.02"]
[EventType "swiss"]
[EventRounds "9"]
[EventCountry "ITA"]
[SourceTitle "CBM 184 Extra"]
[Source "ChessBase"]
[SourceDate "2018.06.28"]
[SourceVersion "1"]
[SourceVersionDate "2018.06.28"]
[SourceQuality "1"]

1. b4 d5 2. Bb2 Nf6 3. e3 Bf5 4. Nf3 e6 5. c4 c6 6. b5 Be7 7. Be2 h6 8. 0-0 0-0 9. a4 Bh7 10. Qb3 Nbd7 11. d4 Rc8 12. Nbd2 c5 13. Rac1 Bd6 14. Ne5 Qe7 15. a5 Rc7 16. h3 Ne4 17. Ndf3 Bxe5 18. dxe5 dxc4 19. Bxc4 Bg6 20. Rfd1 b6 21. a6 Rd8 22. Rd6 Nxd6 23. exd6 Qxd6 24. Nh4 Be4 25. f4 Qe7 26. Qc3 f6 27. f5 Bd5 28. e4 Bxc4 29. Qxc4 Nf8 30. e5 fxe5 31. Nf3 Rcd7 32. Bxe5 Rd1+ 33. Rxd1 Rxd1+ 34. Kh2 Rd5 35. fxe6 Qxe6 36. Bb8 Rd7 37. Qxe6+ Nxe6 38. Ne5 Rd5 39. Nc6 Kf7 40. Nxa7 Nd4 41. Bc7 c4 42. Bxb6 c3 43. Bxd4 Rxd4 44. Nc6 c2 45. Nxd4 c1Q 46. Nc6 Qf4+ 47. Kg1 Qa4 48. a7 Ke6 49. Kh1 Kd6 0-1

[Event "Porto Mannu op"]
[Site "Porto Mannu"]
[Date "2008.05.23"]
[Round "8"]
[White "Pagano, Nunzio"]
[Black "Troiani, Carlo"]
[Result "1-0"]
[WhiteElo "2008"]
[BlackElo "1791"]
[PlyCount "49"]
[EventDate "2008.05.17"]
[EventType "swiss"]
[EventRounds "9"]
[EventCountry "ITA"]
[SourceTitle "CBM 124 Extra"]
[Source "ChessBase"]
[SourceDate "2008.07.03"]
[SourceVersion "1"]
[SourceVersionDate "2008.07.03"]
[SourceQuality "1"]

1. b4 d5 2. Bb2 f6 3. e3 Nh6 4. c4 c6 5. Nc3 Be6 6. cxd5 Bxd5 7. f4 Qd6 8. a3 Nd7 9. Nf3 Rd8 10. Be2 e5 11. e4 Bf7 12. 0-0 Be7 13. d4 exf4 14. Rc1 0-0 15. e5 fxe5 16. Ne4 Qb8 17. Nfg5 Bd5 18. Bd3 Nf5 19. Qh5 h6 20. dxe5 Nxe5 21. Bb1 hxg5 22. Nxg5 Nh6 23. Bxe5 Bd6 24. Qxh6 gxh6 25. Bh7# 1-0

[Event "Porto Mannu op"]
[Site "Porto Mannu"]
[Date "2008.05.22"]
[Round "7"]
[White "Mascellani, Marco"]
[Black "Pagano, Nunzio"]
[Result "1-0"]
[WhiteElo "2309"]
[BlackElo "2008"]
[PlyCount "53"]
[EventDate "2008.05.17"]
[EventType "swiss"]
[EventRounds "9"]
[EventCountry "ITA"]
[SourceTitle "CBM 124 Extra"]
[Source "ChessBase"]
[SourceDate "2008.07.03"]
[SourceVersion "1"]
[SourceVersionDate "2008.07.03"]
[SourceQuality "1"]

1. e4 Nc6 2. Nf3 e6 3. d4 d5 4. e5 Nge7 5. c3 Nf5 6. Bd3 h5 7. h4 Bd7 8. Bg5 f6 9. Bf4 Nce7 10. Nbd2 b6 11. Nf1 c5 12. Ng3 Nxg3 13. Bxg3 f5 14. Bf4 Nc6 15. Be2 Be7 16. Rh3 cxd4 17. cxd4 b5 18. Kf1 Qb6 19. Rg3 Kf7 20. Bg5 Rag8 21. Bxe7 Kxe7 22. Qd2 Kf7 23. Rc1 Rc8 24. Qg5 Rh7 25. Qg6+ Kg8 26. Ng5 Rh6 27. Qf7+ 1-0

[Event "Porto Mannu op"]
[Site "Porto Mannu"]
[Date "2008.05.21"]
[Round "6"]
[White "Pagano, Nunzio"]
[Black "Klings, Peter"]
[Result "1/2-1/2"]
[WhiteElo "2008"]
[BlackElo "2173"]
[PlyCount "84"]
[EventDate "2008.05.17"]
[EventType "swiss"]
[EventRounds "9"]
[EventCountry "ITA"]
[SourceTitle "CBM 124 Extra"]
[Source "ChessBase"]
[SourceDate "2008.07.03"]
[SourceVersion "1"]
[SourceVersionDate "2008.07.03"]
[SourceQuality "1"]

1. b4 d6 2. Bb2 Nd7 3. c4 Ngf6 4. e3 g6 5. Nf3 Bg7 6. Nc3 e5 7. d4 0-0 8. Be2 Re8 9. a4 Qe7 10. 0-0 e4 11. Nd2 h5 12. a5 a6 13. b5 Nf8 14. Qc2 Bf5 15. Nd5 Qd8 16. Rfc1 Ne6 17. Nxf6+ Bxf6 18. Nb3 h4 19. bxa6 bxa6 20. c5 d5 21. c6 Be7 22. Ba3 Bd6 23. Bxd6 cxd6 24. Nd2 Qg5 25. Kh1 h3 26. g3 Rec8 27. Qd1 Nd8 28. Qf1 Rxc6 29. Rxc6 Nxc6 30. Bxa6 Nb4 31. Bb7 Ra7 32. Qb5 Nd3 33. Kg1 Qg4 34. Kf1 Bd7 35. Qxd5 Rxb7 36. Qxb7 Qf5 37. Nxe4 d5 38. Qxd7 Qxe4 39. Qxh3 Qh1+ 40. Ke2 Qxa1 41. Kxd3 Qd1+ 42. Kc3 Qc1+ 1/2-1/2